La guerra santa (Record no. 161817)
[ view plain ]
| 000 -LEADER | |
|---|---|
| campo de control de longitud fija | 00968nam a22002055i 4500 |
| 001 - NÚMERO DE CONTROL | |
| campo de control | 161817 |
| 003 - IDENTIFICADOR DE NÚMERO DE CONTROL | |
| campo de control | ES-MaACL |
| 005 - FECHA Y HORA DE LA ÚLTIMA TRANSACCIÓN | |
| campo de control | 20250822231021.0 |
| 008 - DATOS DE LONGITUD FIJA--INFORMACIÓN GENERAL | |
| campo de control de longitud fija | 010802s1879 sp |||| | spa d |
| 040 ## - FUENTE DE CATALOGACIÓN | |
| Centro catalogador/agencia de origen | AR |
| Lengua de catalogación | spa |
| Centro/agencia transcriptor | AR |
| 100 1# - ENTRADA PRINCIPAL--NOMBRE DE PERSONA | |
| Nombre de persona | Pérez Escrich, Enrique, |
| Fechas asociadas al nombre | 1829-1897 |
| 9 (RLIN) | 90847 |
| 245 13 - MENCIÓN DEL TÍTULO | |
| Título | La guerra santa |
| Resto del título | : zarzuela de grande espectáculo en tres actos divididos en diez cuadros / |
| Mención de responsabilidad, etc. | letra de los señores Enrique Pérez Escrich y Luis Mariano de Larra ; música del maestro D. Emilio Arrieta. |
| 260 ## - PUBLICACIÓN, DISTRIBUCIÓN, ETC. | |
| Lugar de publicación, distribución, etc. | Madrid : |
| Nombre del editor, distribuidor, etc. | [s.n.], |
| Fecha de publicación, distribución, etc. | 1879 ( |
| Fabricante | José Rodríguez) |
| 300 ## - DESCRIPCIÓN FÍSICA | |
| Extensión | 97 p ; |
| Dimensiones | 19 cm. |
| 500 ## - NOTA GENERAL | |
| Nota general | Solo la letra. |
| 700 1# - ENTRADA AGREGADA--NOMBRE PERSONAL | |
| Nombre de persona | Larra y Wetoret, Luis Mariano de, |
| Fechas asociadas al nombre | 1830-1901 |
| 9 (RLIN) | 70289 |
| 700 1# - ENTRADA AGREGADA--NOMBRE PERSONAL | |
| Nombre de persona | Arrieta, Emilio, |
| Fechas asociadas al nombre | 1821-1894 |
| 9 (RLIN) | 224497 |
| 852 ## - LOCALIZACIÓN | |
| Ubicación | ES-MaACL |
| Número de control de estantería | F-8608(12) |
| Nota libre | -- Enc. pasta española |
| condición física | -- Falto de la cub. original |
| Nota libre | -- Enc. en un vol. facticio formando parte de la col. facticia "Teatro español moderno", vol. 63 |
| Estatus retirado | Estado de pérdida | Estado de daño | No para préstamo | Colección | Biblioteca de origen | Biblioteca actual | Ubicación en estantería | Fecha de adquisición | Total de préstamos | Signatura topográfica completa | Código de barras | Visto por última vez | Precio de reemplazo | Tipo de ítem Koha |
|---|---|---|---|---|---|---|---|---|---|---|---|---|---|---|
| Libros del s. XIX | Biblioteca del Ateneo de Madrid | Biblioteca del Ateneo de Madrid | Sala Pecera Planta 2 | 17/01/2008 | F-8608(12) | 1169507 | 23/02/2023 | 23/02/2023 | Libro impreso antiguo |
